UBT Library

Age, time, and fertility : (Record no. 40465)

000 -LEADER
fixed length control field 00694pam a2200241 a 4500
001 - CONTROL NUMBER
control field 1389533
005 - DATE AND TIME OF LATEST TRANSACTION
control field 20180118052610.0
008 - FIXED-LENGTH DATA ELEMENTS--GENERAL INFORMATION
fixed length control field 821227s1983 nyua b 001 0 eng
010 ## - LIBRARY OF CONGRESS CONTROL NUMBER
LC control number 82024474
020 ## - INTERNATIONAL STANDARD BOOK NUMBER
International Standard Book Number 0121287505
040 ## - CATALOGING SOURCE
Original cataloging agency DLC
Transcribing agency DLC
Modifying agency DLC
041 ## - LANGUAGE CODE
Language code of text/sound track or separate title eng
043 ## - GEOGRAPHIC AREA CODE
Geographic area code e-sw---
080 ## - UNIVERSAL DECIMAL CLASSIFICATION NUMBER
Universal Decimal Classification number 304.6
082 00 - DEWEY DECIMAL CLASSIFICATION NUMBER
Classification number 304.6 BRE
Edition number 19
100 1# - Rafti
Rafti 5
101 ## - Shkurtesa
Shkurtesa STO
245 10 - TITLE STATEMENT
Title Age, time, and fertility :
Statement of responsibility, etc by Mary B. Breckenridge ; with an appendix by John W. Tukey.
504 ## - BIBLIOGRAPHY, ETC. NOTE
Bibliography, etc Bibliography: p. 299-304.
740 0# - ADDED ENTRY--UNCONTROLLED RELATED/ANALYTICAL TITLE
Uncontrolled related/analytical title Exploratory data analysis.
906 ## - LOCAL DATA ELEMENT F, LDF (RLIN)
a 7
b cbc
c orignew
d 1
e ocip
f 19
g y-gencatlg
942 ## - ADDED ENTRY ELEMENTS (KOHA)
Source of classification or shelving scheme
Item type Books
Holdings
Withdrawn status Lost status Source of classification or shelving scheme Damaged status Not for loan Collection code Permanent location Current location Shelving location Date acquired Total Checkouts Full call number Barcode Date last seen Price effective from Koha item type
          Koleksioni i përgjithshem UBT - Lipjan UBT - Lipjan Koleksioni i përgjithshem 01/18/2018   304.6 BRE 002-2995827 01/18/2018 01/18/2018 Books
UBT Library © 2015-2024. All rights reserved University Education for Business and Technology